<?xml version="1.0" encoding="UTF-8"?>
<collection xmlns="http://www.loc.gov/MARC21/slim">
 <record>
  <leader>00523pamaa2200181   4500</leader>
  <controlfield tag="001">0000022181</controlfield>
  <controlfield tag="005">20071123090000.0</controlfield>
  <datafield tag="020" ind1="0" ind2="0">
   <subfield code="a">0003252477 </subfield>
  </datafield>
  <datafield tag="090" ind1="0" ind2="0">
   <subfield code="a">PR2827 </subfield>
   <subfield code="b">SHA 1982</subfield>
  </datafield>
  <datafield tag="100" ind1="1" ind2="0">
   <subfield code="a">Shakespeare, </subfield>
   <subfield code="d">1564-1616 </subfield>
  </datafield>
  <datafield tag="245" ind1="1" ind2="2">
   <subfield code="a">A midsummer night's dream  </subfield>
   <subfield code="c">edited by S.M. Farrow and R.B. Kennedy.</subfield>
  </datafield>
  <datafield tag="250" ind1="0" ind2="0">
   <subfield code="a">2nd ed.</subfield>
  </datafield>
  <datafield tag="260" ind1="0" ind2="0">
   <subfield code="a">London: </subfield>
   <subfield code="b">Collins Educational, </subfield>
   <subfield code="c">1982.</subfield>
  </datafield>
  <datafield tag="300" ind1=" " ind2=" ">
   <subfield code="a">213p.; </subfield>
   <subfield code="c">18cm.</subfield>
  </datafield>
  <datafield tag="440" ind1="0" ind2="4">
   <subfield code="a">The Alexander Shakespeare</subfield>
  </datafield>
  <datafield tag="650" ind1="0" ind2="0">
   <subfield code="a">Shakespearem, William </subfield>
  </datafield>
  <datafield tag="700" ind1="1" ind2="1">
   <subfield code="a">FARROW, </subfield>
   <subfield code="h">S.M. </subfield>
  </datafield>
  <datafield tag="700" ind1="1" ind2="1">
   <subfield code="a">Kennedy, </subfield>
   <subfield code="h">R.B. </subfield>
  </datafield>
 </record>
</collection>
